Programming and problem solving with C++ : (Record no. 17700)
[ view plain ]
| 000 -LEADER | |
|---|---|
| fixed length control field | 00701cam a2200217 a 4500 |
| 001 - CONTROL NUMBER | |
| control field | 15659380 |
| 005 - DATE AND TIME OF LATEST TRANSACTION | |
| control field | 20131029101608.0 |
| 008 - FIXED-LENGTH DATA ELEMENTS--GENERAL INFORMATION | |
| fixed length control field | 090313s2010 maua 001 0 eng |
| 020 ## - INTERNATIONAL STANDARD BOOK NUMBER | |
| International Standard Book Number | 9781284026283 |
| 082 00 - DEWEY DECIMAL CLASSIFICATION NUMBER | |
| Classification number | 005.13 |
| Edition number | 22 |
| Item number | DAL |
| 100 1# - MAIN ENTRY--PERSONAL NAME | |
| Personal name | Dale, Nell B. |
| 9 (RLIN) | 34276 |
| 245 10 - TITLE STATEMENT | |
| Title | Programming and problem solving with C++ : |
| Remainder of title | comprehensive edition / |
| Statement of responsibility, etc | Nell Dale, Chip Weems. |
| 250 ## - EDITION STATEMENT | |
| Edition statement | 6th ed. |
| 260 ## - PUBLICATION, DISTRIBUTION, ETC. (IMPRINT) | |
| Place of publication, distribution, etc | Sudbury, Mass. : |
| Name of publisher, distributor, etc | Jones and Bartlett Publishers, |
| Date of publication, distribution, etc | c2014. |
| 300 ## - PHYSICAL DESCRIPTION | |
| Extent | xxvi, 1068 p. : |
| Other physical details | ill. ; |
| Dimensions | 24 cm. |
| 500 ## - GENERAL NOTE | |
| General note | Includes index. |
| 650 #0 - SUBJECT ADDED ENTRY--TOPICAL TERM | |
| Topical term or geographic name as entry element | C++ (Computer program language) |
| 9 (RLIN) | 34277 |
| 653 ## - INDEX TERM--UNCONTROLLED | |
| Resource For college | |
| Arrived date list | October2013 |
| 700 1# - ADDED ENTRY--PERSONAL NAME | |
| Personal name | Weems, Chip. |
| 9 (RLIN) | 13146 |
| 942 ## - ADDED ENTRY ELEMENTS (KOHA) | |
| Source of classification or shelving scheme | Dewey Decimal Classification |
| Item type | Book - Borrowing |
| Call number prefix | 005.13 DAL |
| Withdrawn status | Item status | Source of classification or shelving scheme | Damaged status | Not for loan | Vendor | Home library | Current library | Shelving location | Date acquired | Source of acquisition | Total Checkouts | Full call number | Barcode | Date last seen | Koha item type | Total Renewals | Date last borrowed |
|---|---|---|---|---|---|---|---|---|---|---|---|---|---|---|---|---|---|
| Dewey Decimal Classification | Baccah | Central Library | Central Library | Lower Floor | 29/10/2013 | 005.13 DAL | 000029482 | 15/07/2025 | NB - Book (Non borrowing) | ||||||||
| Dewey Decimal Classification | Baccah | Central Library | Central Library | Lower Floor | 29/10/2013 | 1 | 005.13 DAL | 000029483 | 15/07/2025 | Book - Borrowing | 7 | 12/02/2019 | |||||
| Dewey Decimal Classification | Baccah | Central Library | Central Library | Lower Floor | 29/10/2013 | 005.13 DAL | 000029484 | 15/07/2025 | Book - Borrowing | ||||||||
| Dewey Decimal Classification | Baccah | Central Library | Central Library | Lower Floor | 29/10/2013 | 1 | 005.13 DAL | 000029485 | 15/07/2025 | Book - Borrowing | 3 | 23/10/2023 | |||||
| Dewey Decimal Classification | Baccah | Central Library | Central Library | Lower Floor | 29/10/2013 | 2 | 005.13 DAL | 000029486 | 15/07/2025 | Book - Borrowing | 11/08/2016 | ||||||
| Dewey Decimal Classification | Baccah | Central Library | Central Library | Lower Floor | 29/10/2013 | 1 | 005.13 DAL | 000029487 | 15/07/2025 | Book - Borrowing | 4 | 01/10/2015 | |||||
| Dewey Decimal Classification | Baccah | Central Library | Central Library | Lower Floor | 29/10/2013 | 1 | 005.13 DAL | 000029488 | 15/07/2025 | Book - Borrowing | 06/05/2019 | ||||||
| Dewey Decimal Classification | Baccah | Central Library | Central Library | Lower Floor | 29/10/2013 | 2 | 005.13 DAL | 000029489 | 15/07/2025 | Book - Borrowing | 8 | 24/11/2016 | |||||
| Dewey Decimal Classification | Baccah | Central Library | Central Library | Lower Floor | 29/10/2013 | 2 | 005.13 DAL | 000029490 | 15/07/2025 | Book - Borrowing | 9 | 23/09/2019 | |||||
| Dewey Decimal Classification | Baccah | Central Library | Central Library | Lower Floor | 29/10/2013 | 1 | 005.13 DAL | 000029491 | 15/07/2025 | Book - Borrowing | 2 | 06/04/2022 |